[Event "AUT-chT (Women) 2223"]
[Site "Austria"]
[Date "2023.03.05"]
[Round "7.2"]
[White "Hiebler, Laura"]
[Black "Polterauer, Chiara"]
[Result "0-1"]
[WhiteElo "1997"]
[BlackElo "2150"]
[PlyCount "82"]
[EventDate "2022.10.21"]
[EventType "team-tourn"]
[EventRounds "9"]
[EventCountry "AUT"]
[SourceTitle "EXT 2024"]
[Source "ChessBase"]
[SourceDate "2023.10.10"]
[SourceVersion "1"]
[SourceVersionDate "2023.10.10"]
[SourceQuality "1"]
[WhiteTeam "St Veit/Glan (W)"]
[BlackTeam "Mayrhofen/Zillertal (W)"]
[WhiteTeamCountry "AUT"]
[BlackTeamCountry "AUT"]

1. c4 c5 2. g3 Nf6 3. Bg2 d5 4. cxd5 Nxd5 5. Nc3 Nc7 6. Nf3 Nc6 7. 0-0 e5 8. d3 Be7 9. b3 0-0 10. Bb2 f6 11. Rc1 Bd7 12. e3 Bg4 13. h3 Bh5 14. Qd2 Ne6 15. Rfd1 Qd7 16. g4 Be8 17. Ne2 h5 18. d4 hxg4 19. hxg4 cxd4 20. exd4 exd4 21. Nfxd4 Nexd4 22. Nxd4 Qxg4 23. Qe3 Ne5 24. Qg3 Qxg3 25. fxg3 Bh5 26. Re1 Bb4 27. Bc3 Bc5 28. Kh1 Bxd4 29. Bxd4 Nd3 30. Bxb7 Rad8 31. Bc5 Rf7 32. Ba6 Nxc1 33. Rxc1 Rc7 34. b4 Rd2 35. Bc4+ Bf7 36. Bxf7+ Kxf7 37. a4 a5 38. Rb1 axb4 39. Bxb4 Rb7 40. Bxd2 Rxb1+ 41. Kg2 Rb2 0-1

[Event "AUT-chT (Women) 2223"]
[Site "Austria"]
[Date "2023.03.04"]
[Round "6.3"]
[White "Hiebler, Laura"]
[Black "Janzelj, Lara"]
[Result "0-1"]
[WhiteElo "1997"]
[BlackElo "2191"]
[PlyCount "80"]
[EventDate "2022.10.21"]
[EventType "team-tourn"]
[EventRounds "9"]
[EventCountry "AUT"]
[SourceTitle "EXT 2024"]
[Source "ChessBase"]
[SourceDate "2023.10.10"]
[SourceVersion "1"]
[SourceVersionDate "2023.10.10"]
[SourceQuality "1"]
[WhiteTeam "St Veit/Glan (W)"]
[BlackTeam "Feffernitz (W)"]
[WhiteTeamCountry "AUT"]
[BlackTeamCountry "AUT"]

1. c4 e5 2. g3 Nf6 3. Bg2 g6 4. Nc3 Bg7 5. e4 d6 6. Nge2 Be6 7. d3 Qc8 8. 0-0 Nc6 9. Nd5 Qd7 10. Bg5 Nh5 11. Qd2 h6 12. Be3 Nd8 13. f4 Bg4 14. Rae1 Nc6 15. b4 Nd4 16. Bxd4 exd4 17. f5 Be5 18. Nef4 g5 19. Nxh5 Bxh5 20. b5 c6 21. bxc6 bxc6 22. Nb4 a5 23. Nc2 f6 24. Rb1 0-0 25. Na3 Rfb8 26. Rb2 Rb4 27. Rfb1 Qa7 28. Nc2 Rxb2 29. Rxb2 Bf7 30. Qc1 Bxc4 31. Na3 Bxd3 32. Qxc6 Ba6 33. Kh1 Rc8 34. Qd5+ Kh8 35. Rb1 Qc5 36. Qb3 d3 37. Bf3 Qf2 38. Bh5 d2 39. Rd1 Qe1+ 40. Kg2 Bf1+ 0-1

[Event "AUT-chT (Women) 2122"]
[Site "Austria"]
[Date "2022.04.23"]
[Round "9.3"]
[White "Hiebler, Laura"]
[Black "Kurapova, Olga"]
[Result "1/2-1/2"]
[WhiteElo "2011"]
[BlackElo "1886"]
[PlyCount "86"]
[EventDate "2021.11.06"]
[EventType "team-tourn"]
[EventRounds "9"]
[EventCountry "AUT"]
[SourceTitle "EXT 2024"]
[Source "ChessBase"]
[SourceDate "2023.10.10"]
[SourceVersion "1"]
[SourceVersionDate "2023.10.10"]
[SourceQuality "1"]
[WhiteTeam "St Veit/Glan (W)"]
[BlackTeam "Dornbirn (W)"]
[WhiteTeamCountry "AUT"]
[BlackTeamCountry "AUT"]

1. c4 c6 2. g3 d5 3. Bg2 Nf6 4. Nf3 dxc4 5. Nc3 Nbd7 6. 0-0 e5 7. Qc2 Bd6 8. Rd1 0-0 9. d4 cxd3 10. Qxd3 Bc7 11. Qc2 Qe7 12. Bg5 h6 13. Be3 Bb6 14. Bxb6 Nxb6 15. Ne4 Bf5 16. Nxf6+ Qxf6 17. Qc5 Nd5 18. Nd2 Qe7 19. Qxe7 Nxe7 20. Nc4 f6 21. Nd6 Rab8 22. Nxf5 Nxf5 23. Bh3 Nd4 24. e3 Nf3+ 25. Kg2 Ng5 26. Rd7 Rfd8 27. Rad1 Rxd7 28. Rxd7 Nxh3 29. Kxh3 a5 30. Rc7 Kh7 31. Kg2 f5 32. Re7 e4 33. Re5 Kg6 34. Rxa5 Rd8 35. Ra7 Rd7 36. a4 Kf6 37. b4 Ke6 38. a5 Kd6 39. Ra8 c5 40. bxc5+ Kxc5 41. Ra7 Kc6 42. a6 bxa6 43. Rxa6+ Kd5 1/2-1/2

[Event "AUT-chT (Women) 2122"]
[Site "Austria"]
[Date "2022.04.22"]
[Round "8.3"]
[White "Mar, Karmen"]
[Black "Hiebler, Laura"]
[Result "1-0"]
[WhiteElo "2074"]
[BlackElo "2011"]
[PlyCount "77"]
[EventDate "2021.11.06"]
[EventType "team-tourn"]
[EventRounds "9"]
[EventCountry "AUT"]
[SourceTitle "EXT 2024"]
[Source "ChessBase"]
[SourceDate "2023.10.10"]
[SourceVersion "1"]
[SourceVersionDate "2023.10.10"]
[SourceQuality "1"]
[WhiteTeam "Steyr (W)"]
[BlackTeam "St Veit/Glan (W)"]
[WhiteTeamCountry "AUT"]
[BlackTeamCountry "AUT"]

1. e4 e6 2. d4 d5 3. Nd2 c5 4. exd5 Qd7 5. d6 Qxd6 6. Ngf3 Qd5 7. Bd3 cxd4 8. Bc4 Qd6 9. 0-0 Nf6 10. Nb3 Nc6 11. Nbxd4 Nxd4 12. Nxd4 a6 13. Re1 Qc7 14. Qe2 Bc5 15. c3 b5 16. Bb3 0-0 17. Bg5 Bb7 18. Bxf6 gxf6 19. Bc2 f5 20. Rad1 Bd6 21. Qh5 Rad8 22. Rd3 Bf4 23. Rh3 h6 24. Bxf5 exf5 25. Nxf5 Rfe8 26. Qg4+ Bg5 27. Nxh6+ Kf8 28. Rf1 Qf4 29. Nf5 Qe5 30. Qxg5 Rd6 31. Qh5 Rg6 32. Qh8+ Qxh8 33. Rxh8+ Rg8 34. Rxg8+ Kxg8 35. Nd6 Re7 36. Nxb7 Rxb7 37. Rd1 Re7 38. Kf1 Re6 39. f4 1-0

[Event "AUT-chT (Women) 2122"]
[Site "Austria"]
[Date "2022.03.25"]
[Round "5.3"]
[White "Konecny, Sophie"]
[Black "Hiebler, Laura"]
[Result "1/2-1/2"]
[WhiteElo "1835"]
[BlackElo "2016"]
[PlyCount "61"]
[EventDate "2021.11.06"]
[EventType "team-tourn"]
[EventRounds "9"]
[EventCountry "AUT"]
[SourceTitle "EXT 2023"]
[Source "ChessBase"]
[SourceDate "2022.10.05"]
[SourceVersion "1"]
[SourceVersionDate "2022.10.05"]
[SourceQuality "1"]
[WhiteTeam "Mayrhofen/Zillertal (W)"]
[BlackTeam "St Veit/Glan (W)"]
[WhiteTeamCountry "AUT"]
[BlackTeamCountry "AUT"]

1. d4 Nf6 2. Nf3 e6 3. c4 b6 4. g3 Bb7 5. Bg2 Be7 6. Nc3 0-0 7. 0-0 d5 8. b3 Nbd7 9. Bb2 Rc8 10. Rc1 c5 11. cxd5 Nxd5 12. Re1 N7f6 13. e3 cxd4 14. Nxd5 Nxd5 15. Qxd4 Bf6 16. Ne5 Qe7 17. Qa4 Bxe5 18. Bxe5 Rfd8 19. Bb2 a6 20. Red1 b5 21. Qg4 f6 22. Rxc8 Bxc8 23. Qd4 Rd7 24. Bf3 Qd8 25. Qc5 Bb7 26. Qc1 Rc7 27. Qd2 Qc8 28. Rc1 h6 29. Bg2 b4 30. Rxc7 Qxc7 31. a3 1/2-1/2

[Event "AUT-chT (Women)"]
[Site "Austria"]
[Date "2021.01.22"]
[Round "1.1"]
[White "Worek, Joanna"]
[Black "Hiebler, Laura"]
[Result "1-0"]
[WhiteElo "2304"]
[BlackElo "2011"]
[PlyCount "89"]
[EventDate "2021.01.22"]
[EventType "team-tourn"]
[EventRounds "3"]
[EventCountry "AUT"]
[SourceTitle "CBM 200 Extra"]
[Source "ChessBase"]
[SourceDate "2021.03.31"]
[SourceVersion "1"]
[SourceVersionDate "2021.03.31"]
[SourceQuality "1"]
[WhiteTeam "Pamhagen (W)"]
[BlackTeam "St Veit/Glan (W)"]
[WhiteTeamCountry "AUT"]
[BlackTeamCountry "AUT"]

1. e4 e6 2. d4 d5 3. exd5 exd5 4. Nf3 Nf6 5. Bd3 Bg4 6. h3 Bh5 7. 0-0 Be7 8. Nc3 0-0 9. Bg5 Nbd7 10. Re1 c6 11. g4 Bg6 12. Bxg6 hxg6 13. Qd3 Re8 14. Bf4 Nb6 15. Ne5 Nfd7 16. Ne2 Nxe5 17. dxe5 Bg5 18. Bg3 Nc4 19. f4 Be7 20. b3 Na3 21. Kh2 c5 22. Rac1 c4 23. Qf3 Qa5 24. Red1 Rad8 25. Be1 Qa6 26. Bf2 Bb4 27. c3 Be7 28. Rd2 Nb5 29. h4 Nc7 30. Rb1 b5 31. b4 Qb7 32. f5 gxf5 33. gxf5 Bf8 34. Bd4 Qa6 35. Nf4 Qh6 36. Qg4 Kh7 37. Rg2 Be7 38. Kh3 Rg8 39. Rbg1 Bf8 40. f6 g6 41. e6 Nxe6 42. Nxe6 fxe6 43. Qxe6 Rd6 44. Qf7+ Kh8 45. Rxg6 1-0

[Event "AUT-chT (Women) 1819"]
[Site "Austria"]
[Date "2019.01.19"]
[Round "4.2"]
[White "Stangl, Anita"]
[Black "Hiebler, Laura"]
[Result "1/2-1/2"]
[WhiteElo "2019"]
[BlackElo "1999"]
[PlyCount "82"]
[EventDate "2018.11.17"]
[EventType "team-swiss"]
[EventRounds "7"]
[EventCountry "AUT"]
[SourceTitle "CBM 189 Extra"]
[Source "ChessBase"]
[SourceDate "2019.06.03"]
[SourceVersion "1"]
[SourceVersionDate "2019.06.03"]
[SourceQuality "1"]
[WhiteTeam "Schach ohne Grenzen (W)"]
[BlackTeam "St Veit/Glan (W)"]
[WhiteTeamCountry "AUT"]
[BlackTeamCountry "AUT"]

1. e4 e6 2. d4 d5 3. Nc3 Nf6 4. e5 Nfd7 5. Nf3 c5 6. Bb5 a6 7. Bxd7+ Bxd7 8. 0-0 Nc6 9. Re1 Qc7 10. Bf4 Be7 11. dxc5 0-0 12. Na4 Qa5 13. c3 Rad8 14. Nb6 Qxc5 15. Be3 Qb5 16. b4 d4 17. Bxd4 Nxd4 18. Qxd4 Bc6 19. a4 Qd3 20. Qe3 Bxf3 21. gxf3 Qg6+ 22. Kh1 Rd3 23. Qf4 Bg5 24. Qg3 Qh5 25. Rg1 h6 26. Qg4 Qxg4 27. Rxg4 Rxf3 28. Nd7 Rd8 29. Nc5 Rxf2 30. h3 Be3 31. Ne4 Re2 32. Rf1 h5 33. Rg3 Bh6 34. Nf6+ Kf8 35. Nxh5 Rxe5 36. Nf4 Rf5 37. Rgf3 Rc8 38. Ne2 Rxf3 39. Rxf3 Bd2 40. Rd3 Be1 41. Rd7 Rb8 1/2-1/2

[Event "AUT-chT (Women) 1819"]
[Site "Austria"]
[Date "2018.11.18"]
[Round "2.5"]
[White "Hiebler, Laura"]
[Black "Urh, Zala"]
[Result "1-0"]
[WhiteElo "1999"]
[BlackElo "2066"]
[PlyCount "51"]
[EventDate "2018.11.17"]
[EventType "team-swiss"]
[EventRounds "7"]
[EventCountry "AUT"]
[SourceTitle "CBM 187 Extra"]
[Source "ChessBase"]
[SourceDate "2018.11.04"]
[SourceVersion "1"]
[SourceVersionDate "2018.11.04"]
[SourceQuality "1"]
[WhiteTeam "St Veit/Glan (W)"]
[BlackTeam "Feffernitz (W)"]
[WhiteTeamCountry "AUT"]
[BlackTeamCountry "AUT"]

1. c4 e5 2. g3 Nf6 3. Bg2 d5 4. cxd5 Nxd5 5. Nc3 Nb6 6. Nf3 Nc6 7. 0-0 Be7 8. d3 0-0 9. a3 Re8 10. Be3 Bf8 11. b4 a5 12. b5 Nd4 13. Nd2 c6 14. bxc6 Nxc6 15. Rb1 Nd4 16. Nb5 Nd5 17. Bxd5 Qxd5 18. Nc7 Qd7 19. Nxa8 b5 20. Nb6 Qb7 21. Nxc8 Rxc8 22. Nb3 Bxa3 23. Bxd4 exd4 24. Nxd4 Bb4 25. e4 Qe7 26. Nc2 1-0

[Event "AUT-chT (Women) 1718"]
[Site "Austria"]
[Date "2018.04.07"]
[Round "8.2"]
[White "Hiebler, Laura"]
[Black "Kordzadze, Nino"]
[Result "0-1"]
[WhiteElo "2048"]
[BlackElo "1928"]
[PlyCount "69"]
[EventDate "2017.11.24"]
[EventType "team-tourn"]
[EventRounds "9"]
[EventCountry "AUT"]
[SourceTitle "EXT 2019"]
[Source "ChessBase"]
[SourceDate "2018.10.10"]
[SourceVersion "1"]
[SourceVersionDate "2018.10.10"]
[SourceQuality "1"]
[WhiteTeam "St Veit/Glan (W)"]
[BlackTeam "Baden (W)"]
[WhiteTeamCountry "AUT"]
[BlackTeamCountry "AUT"]

1. c4 e6 2. g3 f5 3. Bg2 Nf6 4. b3 Be7 5. Bb2 d6 6. Nc3 0-0 7. d4 a5 8. Nf3 Qe8 9. 0-0 Qh5 10. Nd2 Ng4 11. h3 Nh6 12. e4 Qg6 13. exf5 Nxf5 14. Nde4 Nd7 15. Nb5 Bd8 16. Qg4 Qe8 17. Rfe1 Nf6 18. Nxf6+ Rxf6 19. Bc1 h5 20. Qe2 c6 21. Nc3 Bb6 22. Ne4 Rf8 23. Bb2 Nxd4 24. Bxd4 Bxd4 25. Rad1 e5 26. Kh2 Qg6 27. Rf1 Bf5 28. Bf3 Qh6 29. Nd2 h4 30. Bg2 Rf6 31. Nf3 hxg3+ 32. fxg3 Bg4 33. Qd2 Be3 34. Qd3 Raf8 35. Qe2 0-1

[Event "AUT-chT (Women) 1718"]
[Site "Austria"]
[Date "2017.11.26"]
[Round "3.2"]
[White "Richterova, Natasa"]
[Black "Hiebler, Laura"]
[Result "1-0"]
[WhiteElo "2146"]
[BlackElo "2048"]
[PlyCount "89"]
[EventDate "2017.11.24"]
[EventType "team-tourn"]
[EventRounds "9"]
[EventCountry "AUT"]
[SourceTitle "CBM 181 Extra"]
[Source "ChessBase"]
[SourceDate "2017.12.12"]
[SourceVersion "1"]
[SourceVersionDate "2017.12.12"]
[SourceQuality "1"]
[WhiteTeam "Steyr (W)"]
[BlackTeam "St Veit/Glan (W)"]
[WhiteTeamCountry "AUT"]
[BlackTeamCountry "AUT"]

1. e4 e6 2. d4 d5 3. Nd2 c5 4. exd5 Qxd5 5. Ngf3 cxd4 6. Bc4 Qd6 7. 0-0 Nf6 8. Nb3 Nc6 9. Nbxd4 Nxd4 10. Qxd4 Qxd4 11. Nxd4 a6 12. Bf4 Be7 13. Rfe1 0-0 14. Nf5 Bc5 15. Nd6 Bxd6 16. Bxd6 Rd8 17. Bc7 Rd7 18. Bb6 h6 19. a4 Nd5 20. Ba5 Rb8 21. Rad1 Nf6 22. Bb6 Rxd1 23. Rxd1 Bd7 24. a5 Bc6 25. f3 Kf8 26. Bf1 Ke8 27. c4 Nd7 28. Bd4 e5 29. Be3 f5 30. b4 Nf6 31. b5 axb5 32. cxb5 Bd7 33. a6 bxa6 34. bxa6 Bc6 35. Rd6 Bd5 36. a7 Rd8 37. Bb5+ Ke7 38. Rb6 Nd7 39. Rg6 Bf7 40. Rxg7 Nf6 41. Bc5+ Ke6 42. Bc4+ Nd5 43. Rxf7 Kxf7 44. Bxd5+ Rxd5 45. a8Q 1-0

[Event "AUT-ch (Women)"]
[Site "Graz"]
[Date "2017.08.15"]
[Round "4"]
[White "Ragger, Anna Christina"]
[Black "Hiebler, Laura"]
[Result "1-0"]
[WhiteElo "2282"]
[BlackElo "2075"]
[PlyCount "75"]
[EventDate "2017.08.12"]
[EventType "swiss"]
[EventRounds "9"]
[EventCountry "AUT"]
[SourceTitle "CBM 180 Extra"]
[Source "ChessBase"]
[SourceDate "2017.10.06"]
[SourceVersion "1"]
[SourceVersionDate "2017.10.06"]
[SourceQuality "1"]

1. e4 e6 2. d4 d5 3. Nd2 c5 4. exd5 Qxd5 5. Ngf3 cxd4 6. Bc4 Qd6 7. 0-0 Nf6 8. Nb3 Nc6 9. Nbxd4 Nxd4 10. Nxd4 a6 11. Bb3 Qc7 12. Qf3 Bd6 13. h3 0-0 14. Bg5 Nd7 15. c3 Ne5 16. Qe2 Ng6 17. Rad1 e5 18. Nc2 Be7 19. Bxe7 Qxe7 20. Rfe1 Be6 21. Ne3 Bxb3 22. axb3 Rfd8 23. Nd5 Qc5 24. b4 Qc6 25. Qf3 f6 26. Rd3 Rd6 27. Red1 Kf8 28. Qh5 Kf7 29. Ne7 Kxe7 30. Rxd6 Qxg2+ 31. Kxg2 Nf4+ 32. Kf3 Nxh5 33. Rd7+ Ke8 34. Kg4 g6 35. Rxh7 Ra7 36. Rdd7 Nf4 37. Rc7 Kd8 38. Rcg7 1-0

[Event "Stara Lubovna Pieniny (Women)"]
[Site "Stara Lubovna"]
[Date "2017.04.15"]
[Round "7"]
[White "Richterova, Natasa"]
[Black "Hiebler, Laura"]
[Result "1-0"]
[WhiteElo "2210"]
[BlackElo "2029"]
[PlyCount "171"]
[EventDate "2017.04.10"]
[EventType "tourn"]
[EventRounds "9"]
[EventCountry "SVK"]
[SourceTitle "CBM 177 Extra"]
[Source "ChessBase"]
[SourceDate "2017.04.27"]
[SourceVersion "1"]
[SourceVersionDate "2017.04.27"]
[SourceQuality "1"]

1. e4 e6 2. d4 d5 3. Nd2 c5 4. exd5 Qxd5 5. Ngf3 cxd4 6. Bc4 Qd6 7. 0-0 Nf6 8. Nb3 Nc6 9. Re1 a6 10. Nfxd4 Nxd4 11. Qxd4 Qxd4 12. Nxd4 Be7 13. Bf4 0-0 14. Nf5 Bb4 15. c3 Bc5 16. Nd6 e5 17. Bxe5 Ng4 18. Bg3 Nxf2 19. Bxf2 Bxd6 20. Rad1 Bb8 21. Bc5 Ba7 22. Bxa7 Rxa7 23. Re7 g6 24. h3 Ra8 25. Rf1 Bf5 26. g4 b5 27. Bb3 Be6 28. Bxe6 fxe6 29. Rxf8+ Rxf8 30. Rxe6 Rd8 31. Rxa6 Rd1+ 32. Kf2 Rd2+ 33. Kg3 Rxb2 34. a4 bxa4 35. Rxa4 Rc2 36. Rc4 g5 37. Rc7 h6 38. h4 Rc1 39. hxg5 hxg5 40. Kf2 Kf8 41. Rc5 Kf7 42. Ke3 Kf6 43. Rc6+ Ke5 44. Rc5+ Kf6 45. Ke4 Re1+ 46. Kd5 Rd1+ 47. Ke4 Re1+ 48. Kf3 Rf1+ 49. Kg2 Rc1 50. Kf2 Rc2+ 51. Kf3 Rc1 52. Kf2 Rc2+ 53. Kg3 Rc1 54. Rf5+ Ke6 55. Rc5 Kf6 56. Kg2 Rc2+ 57. Kf3 Rc1 58. Rc4 Rf1+ 59. Ke2 Rg1 60. Re4 Rg3 61. Kd2 Rf3 62. c4 Rg3 63. c5 Rh3 64. Kc2 Ra3 65. Kd2 Ra5 66. Rc4 Ke6 67. c6 Ra8 68. c7 Kd7 69. Ke3 Kc8 70. Rc5 Ra4 71. Kf3 Rf4+ 72. Kg3 Rf7 73. Rxg5 Kxc7 74. Rd5 Kc6 75. Rd2 Rf1 76. g5 Ra1 77. Kg4 Rg1+ 78. Kf5 Rf1+ 79. Ke6 Re1+ 80. Kf7 Rf1+ 81. Kg7 Rg1 82. g6 Rg4 83. Kf7 Rf4+ 84. Kg8 Rg4 85. g7 Rg5 86. Rf2 1-0

[Event "Stara Lubovna Pieniny (Women)"]
[Site "Stara Lubovna"]
[Date "2017.04.13"]
[Round "5"]
[White "Kanakova, Natalie"]
[Black "Hiebler, Laura"]
[Result "1-0"]
[WhiteElo "2112"]
[BlackElo "2029"]
[PlyCount "123"]
[EventDate "2017.04.10"]
[EventType "tourn"]
[EventRounds "9"]
[EventCountry "SVK"]
[SourceTitle "CBM 177 Extra"]
[Source "ChessBase"]
[SourceDate "2017.04.27"]
[SourceVersion "1"]
[SourceVersionDate "2017.04.27"]
[SourceQuality "1"]

1. e4 e6 2. d4 d5 3. Nc3 Nf6 4. e5 Nfd7 5. f4 c5 6. Nf3 Be7 7. Be3 0-0 8. Qd2 b6 9. h4 Nc6 10. Bb5 Na5 11. f5 cxd4 12. Bxd4 a6 13. Bd3 Bc5 14. f6 Bxd4 15. fxg7 Kxg7 16. Nxd4 Nxe5 17. 0-0-0 Bd7 18. Nf3 Nxf3 19. gxf3 Qf6 20. Ne2 Kh8 21. Nf4 Bb5 22. Nh5 Qe5 23. Qh6 Bxd3 24. Rhe1 Rac8 25. Qxf8+ Rxf8 26. Rxe5 Bg6 27. Nf4 Nc4 28. Re2 Bf5 29. b3 Na3 30. Kb2 Nb5 31. a4 Nc7 32. Rg2 Rd8 33. Ne2 Rg8 34. Rxg8+ Kxg8 35. Ng3 Bh3 36. Nh5 Kf8 37. Nf6 Ke7 38. Ng8+ Kf8 39. Rg1 Ne8 40. Nh6 Nf6 41. Rg3 Bf1 42. Kc3 e5 43. Kd2 a5 44. Ng4 Nxg4 45. fxg4 d4 46. Rf3 Bg2 47. Rf6 Bh3 48. g5 e4 49. Rxb6 e3+ 50. Ke1 Bf5 51. Rc6 Ke7 52. Rc4 d3 53. cxd3 Bxd3 54. Rc3 Bf5 55. Rc5 Be6 56. Rb5 f6 57. gxf6+ Kxf6 58. Ke2 Ke7 59. Kxe3 Kd6 60. Kd4 Kc6 61. Kc3 Bf7 62. Rxa5 1-0

[Event "Wch U20 Girls 34th"]
[Site "Bhubaneswar"]
[Date "2016.08.20"]
[Round "12"]
[White "Hiebler, Laura"]
[Black "Divya, Lakshmi R"]
[Result "0-1"]
[WhiteElo "2110"]
[BlackElo "1864"]
[PlyCount "74"]
[EventDate "2016.08.08"]
[EventType "swiss"]
[EventRounds "13"]
[EventCountry "IND"]
[SourceTitle "CBM 173 Extra"]
[Source "ChessBase"]
[SourceDate "2016.08.29"]
[SourceVersion "1"]
[SourceVersionDate "2016.08.29"]
[SourceQuality "1"]

1. e4 c5 2. Nf3 d6 3. d4 cxd4 4. Nxd4 Nf6 5. Nc3 a6 6. h3 e6 7. g4 Be7 8. g5 Nfd7 9. h4 Nc6 10. Be3 Qc7 11. Be2 Nc5 12. Qd2 b5 13. a3 Bb7 14. f3 Rc8 15. Nxc6 Bxc6 16. Rg1 Rd8 17. 0-0-0 d5 18. exd5 Bxd5 19. Bd4 Bd6 20. Kb1 Bf4 21. Nxb5 axb5 22. Bxb5+ Nd7 23. Qe2 0-0 24. h5 Ne5 25. g6 fxg6 26. hxg6 Bxf3 27. gxh7+ Kh8 28. Bxe5 Bxe2 29. Rxd8 Qxd8 30. Bxg7+ Kxh7 31. Bxe2 Rf5 32. Bd3 Qb6 33. Rg4 Qe3 34. Bf6 Kh6 35. Bxf5 exf5 36. Rg2 Qe1+ 37. Ka2 Qe6+ 0-1

[Event "Wch U20 Girls 34th"]
[Site "Bhubaneswar"]
[Date "2016.08.15"]
[Round "8"]
[White "Sapale, Saloni"]
[Black "Hiebler, Laura"]
[Result "0-1"]
[WhiteElo "2080"]
[BlackElo "2110"]
[PlyCount "48"]
[EventDate "2016.08.08"]
[EventType "swiss"]
[EventRounds "13"]
[EventCountry "IND"]
[SourceTitle "CBM 173 Extra"]
[Source "ChessBase"]
[SourceDate "2016.08.29"]
[SourceVersion "1"]
[SourceVersionDate "2016.08.29"]
[SourceQuality "1"]

1. e4 e6 2. d4 d5 3. Nc3 Nf6 4. e5 Nfd7 5. f4 c5 6. Nf3 Be7 7. Be3 0-0 8. Qd2 b6 9. 0-0-0 Nc6 10. Be2 c4 11. Rdf1 b5 12. Kd1 b4 13. Nb1 Qa5 14. Ke1 Qxa2 15. Qc1 a5 16. Kf2 Ba6 17. Re1 a4 18. Bd2 Rfb8 19. Kg3 a3 20. bxa3 c3 21. Be3 Bxe2 22. Rxe2 Qc4 23. Qe1 bxa3 24. Nxc3 a2 0-1

[Event "Wch U20 Girls 34th"]
[Site "Bhubaneswar"]
[Date "2016.08.14"]
[Round "7"]
[White "Hiebler, Laura"]
[Black "Thomas, Anysia"]
[Result "1/2-1/2"]
[WhiteElo "2110"]
[BlackElo "2049"]
[PlyCount "115"]
[EventDate "2016.08.08"]
[EventType "swiss"]
[EventRounds "13"]
[EventCountry "IND"]
[SourceTitle "CBM 173 Extra"]
[Source "ChessBase"]
[SourceDate "2016.08.29"]
[SourceVersion "1"]
[SourceVersionDate "2016.08.29"]
[SourceQuality "1"]

1. c4 Nf6 2. g3 g6 3. Bg2 d5 4. cxd5 Nxd5 5. Nc3 Nxc3 6. bxc3 Bg7 7. Rb1 c6 8. Nf3 0-0 9. 0-0 Qa5 10. Qc2 b5 11. Nd4 Bxd4 12. cxd4 Be6 13. d5 cxd5 14. Qc5 a6 15. Qxe7 Qd8 16. Qc5 Nd7 17. Qd4 Qb6 18. Bb2 Qxd4 19. Bxd4 Rac8 20. Rfc1 Rfe8 21. d3 Nf8 22. Kf1 Nd7 23. Ke1 Nb8 24. Kd2 Nc6 25. Bb6 Bg4 26. e3 Be6 27. Rc2 Ne5 28. Rxc8 Rxc8 29. f4 Ng4 30. h3 Nh6 31. Rc1 Rxc1 32. Kxc1 d4 33. Kb2 dxe3 34. Bxe3 Nf5 35. Bf2 h5 36. Bb7 a5 37. Bc6 b4 38. Be4 Nd6 39. Bg2 Nb5 40. Bc6 Nc3 41. Be1 Nxa2 42. h4 Kf8 43. d4 Nc3 44. Bxc3 bxc3+ 45. Kxc3 Ke7 46. d5 Bd7 47. Bb7 Kd6 48. Kd4 Bb5 49. f5 a4 50. fxg6 fxg6 51. Bc8 a3 52. Kc3 a2 53. Kb2 Bc4 54. g4 Bxd5 55. gxh5 gxh5 56. Bf5 Bf7 57. Be4 Ke5 58. Bf3 1/2-1/2

[Event "Wch U20 Girls 34th"]
[Site "Bhubaneswar"]
[Date "2016.08.12"]
[Round "5"]
[White "Hiebler, Laura"]
[Black "Ayinala, Shree"]
[Result "1-0"]
[WhiteElo "2110"]
[BlackElo "1464"]
[PlyCount "99"]
[EventDate "2016.08.08"]
[EventType "swiss"]
[EventRounds "13"]
[EventCountry "IND"]
[SourceTitle "CBM 173 Extra"]
[Source "ChessBase"]
[SourceDate "2016.08.29"]
[SourceVersion "1"]
[SourceVersionDate "2016.08.29"]
[SourceQuality "1"]

1. e4 c5 2. Nf3 d6 3. d4 cxd4 4. Nxd4 Nf6 5. f3 g6 6. c4 Bg7 7. Nc3 0-0 8. Be3 Nc6 9. Qd2 Bd7 10. Be2 Rc8 11. 0-0 a6 12. Rac1 Nxd4 13. Bxd4 Rb8 14. Rfd1 b5 15. b3 b4 16. Nd5 Nxd5 17. Bxg7 Kxg7 18. Qxd5 Be6 19. Qd4+ Kg8 20. c5 dxc5 21. Qxc5 Qb6 22. Qxb6 Rxb6 23. Rc7 Rfb8 24. Rxe7 Rc6 25. Rd2 Rbc8 26. Kf2 Rc2 27. Ke3 R8c3+ 28. Bd3 Rc1 29. Ra7 Bc8 30. Ke2 Rc6 31. Bc4 Be6 32. Bxa6 Ra1 33. Bb5 Rcc1 34. Ra8+ Kg7 35. Rad8 Rc5 36. Ba4 f5 37. Bd7 Bf7 38. exf5 Re5+ 39. Kf2 gxf5 40. Rb8 Ra5 41. Ba4 Kg6 42. Rxb4 Kg5 43. Rb5 Ra6 44. Re5 Rc1 45. Bd7 Rf6 46. g4 Bg6 47. Bxf5 Bxf5 48. Rxf5+ Rxf5 49. gxf5 Kxf5 50. Rb2 1-0

[Event "Wch U20 Girls 34th"]
[Site "Bhubaneswar"]
[Date "2016.08.11"]
[Round "4"]
[White "Leonardi, Caterina"]
[Black "Hiebler, Laura"]
[Result "1-0"]
[WhiteElo "2061"]
[BlackElo "2110"]
[PlyCount "83"]
[EventDate "2016.08.08"]
[EventType "swiss"]
[EventRounds "13"]
[EventCountry "IND"]
[SourceTitle "CBM 173 Extra"]
[Source "ChessBase"]
[SourceDate "2016.08.29"]
[SourceVersion "1"]
[SourceVersionDate "2016.08.29"]
[SourceQuality "1"]

1. d4 f5 2. Bg5 h6 3. Bh4 g5 4. Bg3 Nf6 5. Be5 e6 6. e3 Bg7 7. Nc3 d6 8. Bg3 Nc6 9. Bc4 Bd7 10. Qe2 Qe7 11. 0-0-0 0-0-0 12. Nf3 Rde8 13. h4 Nh5 14. Bh2 g4 15. Nd2 Bf6 16. Nb3 Bxh4 17. d5 exd5 18. Nxd5 Qd8 19. Nc3 Ng7 20. Nb5 Kb8 21. Qd2 Be6 22. Na5 Bxc4 23. Nxc4 Be7 24. Na5 Nxa5 25. Qxa5 a6 26. Na3 Qd7 27. Rd3 Bf6 28. Rhd1 Qe7 29. Rxd6 Rd8 30. Rxf6 Rxd1+ 31. Kxd1 Qxf6 32. Qxc7+ Ka7 33. Be5 Qd8+ 34. Bd4+ Ka8 35. Qxg7 Rg8 36. Qe5 Qh4 37. Qc5 Kb8 38. Qd6+ Ka8 39. Qb6 Kb8 40. Nb5 axb5 41. Be5+ Ka8 42. Qa5# 1-0

[Event "AUT-chT (Women) 1516"]
[Site "Austria"]
[Date "2016.04.16"]
[Round "6.1"]
[White "Zechner, Andrea"]
[Black "Hiebler, Laura"]
[Result "0-1"]
[WhiteElo "1892"]
[BlackElo "2107"]
[PlyCount "68"]
[EventDate "2015.11.06"]
[EventType "team-swiss"]
[EventRounds "7"]
[EventCountry "AUT"]
[SourceTitle "EXT 2017"]
[Source "ChessBase"]
[SourceDate "2016.10.25"]
[SourceVersion "1"]
[SourceVersionDate "2016.10.25"]
[SourceQuality "1"]
[WhiteTeam "Extraherb (W)"]
[BlackTeam "St Veit/Glan (W)"]
[WhiteTeamCountry "AUT"]
[BlackTeamCountry "AUT"]

1. d4 f5 2. c4 Nf6 3. Nf3 e6 4. Nc3 Bb4 5. a3 Bxc3+ 6. bxc3 b6 7. Bf4 Bb7 8. e3 0-0 9. Bd3 d6 10. 0-0 Nbd7 11. Bg3 Ne4 12. Bh4 Qe8 13. Qc2 Ndf6 14. Rfe1 h6 15. Bxf6 Rxf6 16. Nd2 Qg6 17. Nxe4 fxe4 18. Bf1 Raf8 19. Re2 Bc8 20. Ra2 e5 21. dxe5 dxe5 22. Qa4 a5 23. c5 Ba6 24. c4 Bc8 25. Red2 Qg5 26. Qb3 Bh3 27. g3 Bxf1 28. Kxf1 Rc6 29. cxb6 Rxb6 30. Qc3 Rb1+ 31. Kg2 Qf5 32. Rd5 Qf3+ 33. Kh3 Qh5+ 34. Kg2 Rf5 0-1